| 000 | 00521nam a22001577a 4500 | ||
|---|---|---|---|
| 008 | 171211b xxu||||| |||| 00| 0 eng d | ||
| 082 |
_21991 _aDC 327.05 _bW89 |
||
| 245 |
_aWorld politics / _c edited by Suzanne P. Ogden. |
||
| 250 | _aTwelfth edition. | ||
| 260 |
_aVirginia : _b The Duskin Publishing Group, _c© 1991. |
||
| 300 |
_avi,246 pages : _billustrations ; _c28 cm. |
||
| 500 | _aIncludes index and glossary. | ||
| 650 | 0 |
_924727 _aWorld politics. |
|
| 700 |
_924728 _aOgden, Suzanne P.,editor. |
||
| 942 |
_2ddc _cDC |
||
| 999 |
_c8022 _d8022 |
||